header

The effects of the nation (Record no. 3504)

MARC details
000 -LEADER
fixed length control field 01392nam a2200349Ia 4500
245 04 - TITLE STATEMENT
Title The effects of the nation
260 ## - PUBLICATION, DISTRIBUTION, ETC. (IMPRINT)
Place of publication Philadelphia :
Name of publisher Temple University Press,
Year of publication 2001.
300 ## - PHYSICAL DESCRIPTION
Number of Pages vi, 222 p. :
Other physical details ill.
650 #0 - SUBJECT ADDED ENTRY--TOPICAL TERM
Topical Term Arts, Mexican.
Topical Term Arts, Mexican
Topical Term National characteristics in art.
Topical Term Art and society
700 1# - ADDED ENTRY--PERSONAL NAME
Personal name Good, Carl,
Personal name Waldron, John V.,
856 40 - ELECTRONIC LOCATION AND ACCESS
Uniform Resource Identifier http://site.ebrary.com/lib/rucke/Doc?id=10281517

No items available.

© 2026 Rongo University
Contact us: librarian | system librarian | Rongo university